Home Print Resources E-Books E-Journals IIMT Lecture Series Library Membership Form Book Recommendation Form Campus Tour Take AdmissionAbout Us Contact Us

ACCOUNTING FOR MANAGEMENT TEXT& CASES (Record no. 8198)

000 -LEADER
fixed length control field 00349nam a2200145Ia 4500
003 - CONTROL NUMBER IDENTIFIER
control field OSt
005 - DATE AND TIME OF LATEST TRANSACTION
control field 20240312114102.0
008 - FIXED-LENGTH DATA ELEMENTS--GENERAL INFORMATION
fixed length control field 170524s9999 xx 000 0 und d
020 ## - INTERNATIONAL STANDARD BOOK NUMBER
International Standard Book Number 9788125905530
040 ## - CATALOGING SOURCE
Transcribing agency iimtu
100 ## - MAIN ENTRY--PERSONAL NAME
Personal name BHATTACHARYYA- S.K
245 #0 - TITLE STATEMENT
Title ACCOUNTING FOR MANAGEMENT TEXT& CASES
260 ## - PUBLICATION, DISTRIBUTION, ETC.
Name of publisher, distributor, etc. VIKAS PUB.HOUSE
942 ## - ADDED ENTRY ELEMENTS (KOHA)
Source of classification or shelving scheme
Koha item type Book Bank
Holdings
Withdrawn status Lost status Source of classification or shelving scheme Damaged status Not for loan Home library Current library Date acquired Barcode Date last seen Uniform Resource Identifier Price effective from Koha item type
          IIMT University Central Library Meerut IIMT University Central Library Meerut 05/29/2017 01-B-87546 05/29/2017 Accountancy 05/29/2017 Book Bank
          IIMT University Central Library Meerut IIMT University Central Library Meerut 05/29/2017 01-B-87547 05/29/2017 Accountancy 05/29/2017 Book Bank
          IIMT University Central Library Meerut IIMT University Central Library Meerut 05/29/2017 01-B-87548 05/29/2017 Accountancy 05/29/2017 Book Bank
          IIMT University Central Library Meerut IIMT University Central Library Meerut 05/29/2017 01-B-87549 05/29/2017 Accountancy 05/29/2017 Book Bank
          IIMT University Central Library Meerut IIMT University Central Library Meerut 05/29/2017 01-B-87550 05/29/2017 Accountancy 05/29/2017 Book Bank
          IIMT University Central Library Meerut IIMT University Central Library Meerut 05/29/2017 01-B-87551 05/29/2017 Accountancy 05/29/2017 Book Bank
          IIMT University Central Library Meerut IIMT University Central Library Meerut 05/29/2017 01-B-87552 05/29/2017 Accountancy 05/29/2017 Book Bank
          IIMT University Central Library Meerut IIMT University Central Library Meerut 05/29/2017 01-B-87553 05/29/2017 Accountancy 05/29/2017 Book Bank
          IIMT University Central Library Meerut IIMT University Central Library Meerut 05/29/2017 01-B-87554 05/29/2017 Accountancy 05/29/2017 Book Bank
          IIMT University Central Library Meerut IIMT University Central Library Meerut 05/29/2017 01-B-87555 05/29/2017 Accountancy 05/29/2017 Book Bank
IIMT, Central Library. All Rights Reserved IIMT,UNIVERSITY © 2023
Implemented and Customised by I CLOUDE EMS
You Are OPAC Visitor No
free web counter

Powered by Koha